Aerosmith studio albums - Statistics

General Stats
  • This quiz has been taken 303 times
  • The average score is 10 of 15
Answer Stats
Hint Answer % Correct
1975 Toys in the Attic
95%
1973 Aerosmith
90%
1989 Pump
82%
1993 Get a Grip
78%
1976 Rocks
77%
1987 Permanent Vacation
75%
1997 Nine Lives
68%
1974 Get Your Wings
66%
2001 Just Push Play
64%
1977 Draw the Line
59%
1979 Night in the Ruts
59%
1985 Done With Mirrors
58%
2004 Honkin' on Bobo
56%
2012 Music From Another Dimension!
50%
1982 Rock in a Hard Place
41%
No matching quizzes found
Score Distribution
Percent of People with Each Score
Percentile by Number Answered
Your Score History
You have not taken this quiz